| 000 | 00667nam a22002057a 4500 | ||
|---|---|---|---|
| 005 | 20251108165445.0 | ||
| 008 | 250721s1992 xx 000 0 ara d | ||
| 082 | 1 | 4 | _a956.07/فتح |
| 100 | 1 | _aأحمد، فتحي | |
| 245 | 1 | 0 |
_aتاريخ الريف الفلسطيني في العهد العثماني : _bمنطقة بني زيد نموذجاً / |
| 264 | 1 |
_aرام الله : _bالمؤلف، _c1992. |
|
| 300 | _a281ص | ||
| 650 | 1 | 7 | _aالعثمانيون |
| 650 | 1 | 7 | _aالحكم العثماني لفلسطين 1918-1517 |
| 650 | 1 | 7 | _aفلسطين |
| 650 | 1 | 7 | _aتاريخ فلسطين |
| 650 | 1 | 7 | _aالريف |
| 942 |
_2ddc _cBK |
||
| 999 |
_c28365 _d28365 |
||